Szczecin - prawda czy fałsz? - Statystyki

Ogólne statystyki
  • Ten quiz został rozwiązany 214 razy
  • Średni wynik to 11 z 15
Statystyki odpowiedzi
Zagadnienie Odpowiedź % Poprawnych
Urodził się tu Adolf Hitler Fałsz
98%
W mieście mieszka więcej mieszkańców niż w Bydgoszczy ale mniej niż w Poznaniu Prawda
95%
Jezioro Dąbie znajduje się w mieście Prawda
84%
Jest większy powierzchniowo niż Poznań Prawda
84%
Krzysztof Jarzyna z Szczecina nie posiada żadnego pomnika w mieście Fałsz
82%
Gryf w herbie miasta nie posiada korony Fałsz
82%
Z miasta jest bliżej do 3 stolic innych państw niż do Warszawy Prawda
80%
Galeria Kaskada 27 Kwietnia 1981 roku spłonęła i odbudowano ją 30 lat później Prawda
80%
Pogoń Szczecin jest najbardziej utytułowanym klubem piłkarskim w Polsce bez trofeum Prawda
77%
W mieście produkowano paprykarz Prawda
77%
W mieście aktualnie nie ma już Stoczni Fałsz
72%
Pierwszym prezydentem miasta po 2 wojnie światowej był Piotr Zaremba Prawda
72%
Cmentarz Szczeciński jest największym cmentarzem w Europie Fałsz
39%
Kino Pionier jest uważane za najstarsze kino na świecie Fałsz
26%
Co roku w mieście odbywa się się zjazd żaglowców Fałsz
13%
Nie znaleziono quizów pasujących do podanych kryteriów
Rozkład punktacji
Procent ludzi z każdym wynikiem
Percentyl według liczby udzielonych odpowiedzi
Twoja historia wyników
Nie rozwiązałeś tego quizu